000
00229nam a2200097Ia 4500
008
240331s9999 xx 000 0 und d
082
_b
PEN
100
_a
Kantha Handa. ed
245
0
_a
Pennin Kural :
_b
aSri Lankan Journal
942
_c
L
999
_c
1805
_d
1805